[Event "Titled Tuesday intern op 02nd Apr Early"]
[Site "Chess.com INT"]
[Date "2024.04.02"]
[Round "2"]
[White "Pragnya, HG."]
[Black "Garv, Gaur"]
[Result "1-0"]
[WhiteElo "1900"]
[BlackElo "2388"]
[PlyCount "57"]
[EventDate "2024.04.02"]
[EventType "swiss (blitz)"]
[EventRounds "11"]
[EventCountry "USA"]
[SourceTitle "CB15_2024"]
[SourceDate "2024.04.10"]
[SourceVersion "1"]
[SourceVersionDate "2024.04.10"]
[SourceQuality "1"]

1. e4 g6 2. d4 Bg7 3. Nc3 c6 4. Be3 d5 5. exd5 cxd5 6. Bb5+ Nc6 7. Nf3 Bg4 8. h3 Bxf3 9. Qxf3 e6 10. 0-0 Nge7 11. Na4 Nf5 12. Rad1 0-0 13. Bxc6 bxc6 14. c4 Qa5 15. b3 dxc4 16. Qxc6 cxb3 17. axb3 Rfd8 18. Qc4 Rac8 19. Nc5 Nxd4 20. b4 Rxc5 21. Qxc5 Qxc5 22. bxc5 e5 23. Bxd4 exd4 24. Rd3 Rc8 25. Rc1 Be5 26. Rb3 Rc7 27. c6 Kf8 28. Rb7 Ke7 29. Re1 1-0

[Event "Qatar Masters op"]
[Site "Doha"]
[Date "2023.10.13"]
[Round "3"]
[White "Tissir, Mohamed"]
[Black "Garv, Gaur"]
[Result "1/2-1/2"]
[WhiteElo "2344"]
[BlackElo "2401"]
[PlyCount "50"]
[EventDate "2023.10.11"]
[EventType "swiss"]
[EventRounds "9"]
[EventCountry "QAT"]
[SourceTitle "Mega2024 Update 01"]
[Source "Chessbase"]
[SourceDate "2023.11.12"]
[SourceVersion "1"]
[SourceVersionDate "2023.11.12"]
[SourceQuality "1"]

1. e4 c6 2. d4 d5 3. Nc3 dxe4 4. Nxe4 Bf5 5. Ng3 Bg6 6. Nf3 Nd7 7. Bd3 e6 8. 0-0 Ngf6 9. Re1 Qc7 10. c4 Be7 11. b3 0-0 12. Bb2 Rad8 13. Bxg6 hxg6 14. Qe2 Rfe8 15. Bc3 b5 16. Rac1 b4 17. Bb2 c5 18. Rcd1 a5 19. Ne5 Nb6 20. Qf3 Bf8 21. h4 Nbd7 22. Nc6 Rc8 23. Ne5 Rcd8 24. Nc6 Rc8 25. Ne5 Rcd8 1/2-1/2

[Event "Qatar Masters op"]
[Site "Doha"]
[Date "2023.10.11"]
[Round "1"]
[White "Yakubboev, Nodirbek"]
[Black "Garv, Gaur"]
[Result "1-0"]
[WhiteElo "2616"]
[BlackElo "2401"]
[PlyCount "51"]
[EventDate "2023.10.11"]
[EventType "swiss"]
[EventRounds "9"]
[EventCountry "QAT"]
[SourceTitle "Mega2024 Update 01"]
[Source "Chessbase"]
[SourceDate "2023.11.12"]
[SourceVersion "1"]
[SourceVersionDate "2023.11.12"]
[SourceQuality "1"]

1. b3 d5 2. Bb2 Bg4 3. f3 Bf5 4. e4 dxe4 5. Nc3 e3 6. dxe3 Qxd1+ 7. Rxd1 c6 8. e4 Bg6 9. h4 Nf6 10. Nce2 h6 11. Nf4 Bh7 12. g4 Nfd7 13. g5 e5 14. Nd3 Bd6 15. Bh3 Ke7 16. Rh2 Rd8 17. Rhd2 f6 18. Rg2 Kf7 19. gxf6 gxf6 20. Ne2 Be7 21. Be6+ Kxe6 22. Rg7 Bxe4 23. fxe4 Bd6 24. Ndf4+ exf4 25. Nd4+ Ke5 26. Nf5+ 1-0

[Event "Titled Tuesday intern op 26th Sep Early"]
[Site "Chess.com INT"]
[Date "2023.09.26"]
[Round "2"]
[White "Garv, Gaur"]
[Black "Kosteniuk, Alexandra"]
[Result "1-0"]
[WhiteElo "2401"]
[BlackElo "2523"]
[PlyCount "121"]
[EventDate "2023.09.26"]
[EventType "swiss (blitz)"]
[EventRounds "11"]
[EventCountry "USA"]
[SourceTitle "EXT 2024"]
[Source "ChessBase"]
[SourceDate "2023.10.10"]
[SourceVersion "1"]
[SourceVersionDate "2023.10.10"]
[SourceQuality "1"]

1. Nf3 Nf6 2. c4 g6 3. Nc3 Bg7 4. g3 0-0 5. Bg2 c5 6. d4 cxd4 7. Nxd4 Nc6 8. 0-0 Qc7 9. Ndb5 Qd8 10. Nd4 Ne5 11. b3 d6 12. Bb2 Rb8 13. h3 Bd7 14. e3 a6 15. Rc1 Nc6 16. Kh2 Re8 17. Nd5 e5 18. Ne2 Be6 19. Nec3 Ne7 20. Nxf6+ Bxf6 21. Ne4 Bg7 22. Qxd6 Qa5 23. Qa3 Qc7 24. Rfd1 Nc6 25. c5 Red8 26. b4 Rxd1 27. Rxd1 Rd8 28. Rxd8+ Qxd8 29. Nd6 Qc7 30. Qa4 Bd7 31. Bd5 Nd8 32. Qb3 Be6 33. Bxe6 Nxe6 34. Qd5 Qc6 35. Qxc6 bxc6 36. Nc4 f6 37. Na5 Nd8 38. Nc4 Kf7 39. Nd6+ Ke6 40. Ne8 Bf8 41. Nc7+ Kd7 42. Nxa6 Ne6 43. a4 Kc8 44. Ba3 Kb7 45. b5 f5 46. Kg2 e4 47. Kf1 Be7 48. Ke2 h5 49. h4 Bf8 50. Kd2 Be7 51. Kc3 g5 52. hxg5 Nxg5 53. Kc4 Nh3 54. Nb4 Nxf2 55. Nxc6 Bf6 56. a5 Nd1 57. a6+ Kc7 58. Bb4 Nxe3+ 59. Kb3 Nd5 60. Ba5+ Kc8 61. b6 1-0

[Event "Titled Tuesday intern op 05th Sep Early"]
[Site "Chess.com INT"]
[Date "2023.09.05"]
[Round "2"]
[White "Bacrot, Etienne"]
[Black "Garv, Gaur"]
[Result "1-0"]
[WhiteElo "2660"]
[BlackElo "2411"]
[PlyCount "117"]
[EventDate "2023.09.05"]
[EventType "swiss (blitz)"]
[EventRounds "11"]
[EventCountry "USA"]
[SourceTitle "EXT 2024"]
[Source "ChessBase"]
[SourceDate "2023.10.10"]
[SourceVersion "1"]
[SourceVersionDate "2023.10.10"]
[SourceQuality "1"]

1. d4 Nf6 2. Nf3 e6 3. Bf4 d5 4. e3 c5 5. Be2 Nc6 6. 0-0 Bd6 7. Ne5 0-0 8. c3 Qe7 9. Nd2 Nd7 10. Ndf3 f6 11. Nxd7 Bxd7 12. Bxd6 Qxd6 13. dxc5 Qxc5 14. c4 Ne7 15. Rc1 Qd6 16. cxd5 Qxd5 17. Bc4 Qxd1 18. Rfxd1 Bc8 19. Nd4 Kf7 20. Nb5 Nc6 21. Bb3 Ke7 22. h4 a6 23. Nc3 f5 24. f3 Bd7 25. Na4 Rad8 26. Nc5 Bc8 27. Rxd8 Nxd8 28. Kf2 Nf7 29. Nxb7 Bd7 30. Rc7 Rc8 31. Rxc8 Bxc8 32. Nc5 Kd6 33. Nd3 Nd8 34. Ke2 Nc6 35. Kd2 e5 36. Kc3 Bb7 37. Bc4 a5 38. Bg8 h6 39. a3 Ne7 40. Bc4 e4 41. fxe4 Bxe4 42. g3 Nc6 43. Nf2 Bf3 44. Bd3 Ne5 45. Bxf5 g6 46. Bc2 g5 47. hxg5 hxg5 48. b4 axb4+ 49. axb4 Kc6 50. Kd4 Kd6 51. Ne4+ Bxe4 52. Bxe4 Ng4 53. b5 Nf6 54. b6 Nd7 55. b7 Ke6 56. Bc6 Nb8 57. Bf3 Nd7 58. Bg4+ Kd6 59. Bxd7 1-0

[Event "Titled Tuesday intern op 29th Aug Early"]
[Site "Chess.com INT"]
[Date "2023.08.29"]
[Round "1"]
[White "Garv, Gaur"]
[Black "Butti, Enrique"]
[Result "0-1"]
[WhiteElo "2391"]
[BlackElo "1981"]
[PlyCount "138"]
[EventDate "2023.08.29"]
[EventType "swiss (blitz)"]
[EventRounds "11"]
[EventCountry "USA"]
[SourceTitle "EXT 2024"]
[Source "ChessBase"]
[SourceDate "2023.10.10"]
[SourceVersion "1"]
[SourceVersionDate "2023.10.10"]
[SourceQuality "1"]

1. Nf3 d5 2. g3 c5 3. Bg2 Nc6 4. d4 e6 5. c4 Nf6 6. cxd5 Nxd5 7. 0-0 Be7 8. dxc5 Bxc5 9. a3 a5 10. Qc2 Qb6 11. e4 Nde7 12. Nc3 Nd4 13. Nxd4 Bxd4 14. Na4 Qc6 15. Qb3 e5 16. Nc3 a4 17. Qa2 Be6 18. Nd5 Rd8 19. Bg5 f6 20. Rac1 Bxd5 21. exd5 Qd6 22. Bd2 Nxd5 23. Rfd1 Ne7 24. Bb4 Qd7 25. Qc4 Nc6 26. Bc5 Qf7 27. Qb5 Bxc5 28. Rxd8+ Kxd8 29. Qxc5 Qd7 30. Qb6+ Ke7 31. Bxc6 bxc6 32. Rxc6 Qd1+ 33. Kg2 Qd5+ 34. f3 Qd2+ 35. Qf2 Qxf2+ 36. Kxf2 Rb8 37. Rc7+ Kf8 38. Rc2 f5 39. Ke2 Kf7 40. Kd2 Ke6 41. Kc1 e4 42. fxe4 fxe4 43. Rc4 Ke5 44. Rxa4 e3 45. b4 Rd8 46. Ra7 Ke4 47. Rxg7 e2 48. Re7+ Kf3 49. b5 Rd1+ 50. Kc2 e1Q 51. Rxe1 Rxe1 52. a4 Ra1 53. Kb3 Kg2 54. Kb4 Kxh2 55. b6 Kxg3 56. a5 h5 57. Kb5 h4 58. b7 Rb1+ 59. Kc6 h3 60. a6 h2 61. a7 h1Q+ 62. Kd7 Qxb7+ 63. Kd6 Qxa7 64. Ke6 Rb6+ 65. Kd5 Qa5+ 66. Kc4 Rb4+ 67. Kc3 Qa3+ 68. Kc2 Rb2+ 69. Kc1 Qa1# 0-1

[Event "Titled Tuesday intern op 29th Aug Early"]
[Site "Chess.com INT"]
[Date "2023.08.29"]
[Round "6"]
[White "Kramnik, Vladimir"]
[Black "Garv, Gaur"]
[Result "1-0"]
[WhiteElo "2753"]
[BlackElo "2391"]
[PlyCount "63"]
[EventDate "2023.08.29"]
[EventType "swiss (blitz)"]
[EventRounds "11"]
[EventCountry "USA"]
[SourceTitle "EXT 2024"]
[Source "ChessBase"]
[SourceDate "2023.10.10"]
[SourceVersion "1"]
[SourceVersionDate "2023.10.10"]
[SourceQuality "1"]

1. e4 c6 2. d4 d5 3. Nd2 dxe4 4. Nxe4 Bf5 5. Ng3 Bg6 6. h4 h6 7. Nf3 Nd7 8. h5 Bh7 9. Bd3 Bxd3 10. Qxd3 e6 11. Bd2 Ngf6 12. 0-0-0 Be7 13. Ne4 Nxe4 14. Qxe4 Nf6 15. Qe2 c5 16. dxc5 Qc7 17. Qb5+ Nd7 18. Ba5 b6 19. Ne5 Qxe5 20. Qxd7+ Kf8 21. Bc3 Qxc5 22. Kb1 Qc8 23. Bxg7+ Kxg7 24. Qxe7 Rd8 25. a3 b5 26. g4 Qc6 27. g5 Rxd1+ 28. Rxd1 hxg5 29. Qxg5+ Kf8 30. h6 Rc8 31. Rd8+ Rxd8 32. Qxd8+ 1-0

[Event "Arandjelovac op 2nd"]
[Site "Arandjelovac"]
[Date "2023.08.05"]
[Round "8"]
[White "Djukic, Zeljko"]
[Black "Garv, Gaur"]
[Result "1/2-1/2"]
[WhiteElo "2240"]
[BlackElo "2391"]
[PlyCount "30"]
[EventDate "2023.07.31"]
[EventType "swiss"]
[EventRounds "9"]
[EventCountry "SRB"]
[SourceTitle "CBM 215 Extra"]
[Source "ChessBase"]
[SourceDate "2023.09.30"]
[SourceVersion "1"]
[SourceVersionDate "2023.09.30"]
[SourceQuality "1"]

1. c4 e6 2. Nf3 d5 3. e3 Nf6 4. b3 Be7 5. Bb2 0-0 6. Be2 b6 7. 0-0 Bb7 8. Ne5 c5 9. d4 cxd4 10. Qxd4 dxc4 11. Qxc4 Qd5 12. Bf3 Qxc4 13. Nxc4 Bxf3 14. gxf3 Rd8 15. Nc3 Nbd7 1/2-1/2

[Event "Arandjelovac op 2nd"]
[Site "Arandjelovac"]
[Date "2023.08.02"]
[Round "4"]
[White "Garv, Gaur"]
[Black "Jevtic, Miroljub L"]
[Result "1-0"]
[WhiteElo "2391"]
[BlackElo "1930"]
[PlyCount "117"]
[EventDate "2023.07.31"]
[EventType "swiss"]
[EventRounds "9"]
[EventCountry "SRB"]
[SourceTitle "CBM 215 Extra"]
[Source "ChessBase"]
[SourceDate "2023.09.30"]
[SourceVersion "1"]
[SourceVersionDate "2023.09.30"]
[SourceQuality "1"]

1. d4 Nf6 2. Nf3 b6 3. c4 e6 4. g3 Bb7 5. Bg2 Bb4+ 6. Bd2 Bxd2+ 7. Qxd2 0-0 8. 0-0 d6 9. Qc2 c5 10. Rd1 Qe7 11. Nc3 Nc6 12. e4 e5 13. d5 Nd4 14. Qd3 Bc8 15. Rf1 Nh5 16. Rae1 f5 17. Qd1 g6 18. exf5 Bxf5 19. Nxd4 cxd4 20. Ne4 Qd7 21. Qd2 Bxe4 22. Bxe4 Rf6 23. Bg2 Raf8 24. b4 Qc8 25. Rc1 R6f7 26. Qe2 Re8 27. Qd3 Ref8 28. Rc2 Rc7 29. Rfc1 Qf5 30. Be4 Qg5 31. Bg2 Qf5 32. Qd1 Nf6 33. Bf1 Ng4 34. Bh3 h5 35. Qd2 d3 36. Rb2 e4 37. Qc3 Qg5 38. Re1 Re8 39. Bxg4 hxg4 40. Re3 Qh5 41. Qf6 Rh7 42. h4 gxh3 43. Kh2 Rf7 44. Qxd6 Ref8 45. Qe6 Kh7 46. f4 exf3 47. Rf2 d2 48. Rd3 Qg5 49. d6 Rf6 50. Qxh3+ Kg7 51. d7 Rd8 52. Rdxd2 Rff8 53. Rd5 Qc1 54. Re5 Rh8 55. Re7+ Kf6 56. Re6+ Kf7 57. Rxf3+ Kg8 58. Re8+ Kg7 59. Qxh8# 1-0

[Event "Arandjelovac op 2nd"]
[Site "Arandjelovac"]
[Date "2023.08.01"]
[Round "2"]
[White "Garv, Gaur"]
[Black "Farhat, Jawad"]
[Result "1-0"]
[WhiteElo "2391"]
[BlackElo "1847"]
[PlyCount "79"]
[EventDate "2023.07.31"]
[EventType "swiss"]
[EventRounds "9"]
[EventCountry "SRB"]
[SourceTitle "CBM 215 Extra"]
[Source "ChessBase"]
[SourceDate "2023.09.30"]
[SourceVersion "1"]
[SourceVersionDate "2023.09.30"]
[SourceQuality "1"]

1. d4 d5 2. c4 dxc4 3. Nf3 Nf6 4. Qa4+ c6 5. Qxc4 Bf5 6. Nc3 h6 7. g3 e6 8. Bg2 Nbd7 9. 0-0 Be7 10. Re1 Ne4 11. e3 Ndf6 12. Nd2 Nxd2 13. Bxd2 0-0 14. Rad1 Rc8 15. e4 Bg6 16. h3 Nd7 17. Be3 Qa5 18. a3 b5 19. Qe2 Bf6 20. h4 Nb6 21. h5 Bh7 22. Bd2 Qa6 23. e5 Be7 24. Ne4 Na4 25. Be3 c5 26. d5 exd5 27. Rxd5 Bxe4 28. Bxe4 Nb6 29. Rdd1 Nc4 30. Bf4 Na5 31. Qg4 Nc4 32. b3 Nxa3 33. e6 f5 34. Bxf5 Rxf5 35. Qxf5 Rf8 36. Qg4 Kh8 37. Rd7 Bf6 38. e7 Re8 39. Qg6 Qc8 40. Rd8 1-0

[Event "Titled Tuesday intern op 25th Jul Early"]
[Site "Chess.com INT"]
[Date "2023.07.25"]
[Round "6"]
[White "Garv, Gaur"]
[Black "Krzywda, Andrzej"]
[Result "1-0"]
[WhiteElo "2128"]
[BlackElo "2207"]
[PlyCount "69"]
[EventDate "2023.07.25"]
[EventType "swiss (blitz)"]
[EventRounds "11"]
[EventCountry "USA"]
[SourceTitle "EXT 2024"]
[Source "ChessBase"]
[SourceDate "2023.10.10"]
[SourceVersion "1"]
[SourceVersionDate "2023.10.10"]
[SourceQuality "1"]

1. Nf3 d5 2. d3 c5 3. Nbd2 Nc6 4. e4 e5 5. exd5 Qxd5 6. Nc4 Bd6 7. Ng5 Bc7 8. Be2 Qd7 9. Ne4 b6 10. c3 Nge7 11. Be3 Bb7 12. Qa4 Nd5 13. Bxc5 bxc5 14. Nxc5 Qc8 15. Bf3 Nde7 16. b4 0-0 17. Nxb7 Qxb7 18. b5 Rad8 19. bxc6 Qc8 20. Rd1 Qf5 21. Be4 Qg5 22. Qxa7 Rc8 23. Qe3 Qh5 24. Bf3 Qf5 25. 0-0 Ng6 26. Rfe1 Rfe8 27. h3 Nf4 28. Bg4 Qg6 29. Qe4 Qg5 30. g3 h5 31. Bxc8 Rxc8 32. Nxe5 Nxh3+ 33. Kg2 Re8 34. Nf3 Qg6 35. Qxg6 1-0

[Event "Titled Tuesday intern op 18th Jul Early"]
[Site "Chess.com INT"]
[Date "2023.07.18"]
[Round "5"]
[White "Bold, Andre"]
[Black "Garv, Gaur"]
[Result "0-1"]
[WhiteElo "2194"]
[BlackElo "2128"]
[PlyCount "154"]
[EventDate "2023.07.18"]
[EventType "swiss (blitz)"]
[EventRounds "11"]
[EventCountry "USA"]
[SourceTitle "EXT 2024"]
[Source "ChessBase"]
[SourceDate "2023.10.10"]
[SourceVersion "1"]
[SourceVersionDate "2023.10.10"]
[SourceQuality "1"]

1. d4 Nf6 2. Nc3 d5 3. Bf4 c5 4. e3 cxd4 5. exd4 a6 6. Nf3 Nc6 7. Ne5 Bd7 8. Be2 e6 9. 0-0 Qb6 10. Nxc6 Bxc6 11. Rb1 Be7 12. Re1 0-0 13. Bd3 Rac8 14. Ne2 Bb5 15. c3 Bxd3 16. Qxd3 Qa5 17. a3 b5 18. Kf1 Rc6 19. Ng1 Ne4 20. Nf3 Rfc8 21. Ne5 R6c7 22. f3 Nd6 23. Ng4 Rb7 24. Bxd6 Bxd6 25. Ne5 Qd8 26. Ra1 a5 27. Rec1 Qc7 28. Ng4 h5 29. Nf2 Bxh2 30. Qe2 Bf4 31. Rcb1 g6 32. Nd3 Bd6 33. Rc1 Qe7 34. b4 Rc4 35. Nc5 Bxc5 36. bxc5 Qc7 37. Kf2 Rb8 38. Rab1 Qc6 39. Qe5 Rb7 40. g4 hxg4 41. fxg4 f6 42. Qe3 b4 43. axb4 axb4 44. cxb4 Rbxb4 45. Rxb4 Rxb4 46. Qh6 Rb2+ 47. Ke3 Rb3+ 48. Kf2 Rb2+ 49. Ke3 Rb3+ 50. Kd2 Qa4 51. Qxg6+ Kf8 52. Qxf6+ Ke8 53. Qxe6+ Kd8 54. Qxd5+ Kc8 55. Qe6+ Kb8 56. Qd6+ Ka8 57. Qd5+ Ka7 58. Qc4 Rb2+ 59. Kd3 Qa3+ 60. Ke4 Qg3 61. Kd5 Qxg4 62. Ra1+ Kb8 63. Kd6 Qg7 64. Qe6 Qf8+ 65. Qe7 Qf4+ 66. Qe5 Qf8+ 67. Kd5+ Kc8 68. Qe6+ Kc7 69. Qd6+ Qxd6+ 70. cxd6+ Kd7 71. Ra7+ Kd8 72. Ke6 Re2+ 73. Kd5 Rh2 74. Kc5 Rc2+ 75. Kd5 Rh2 76. Rh7 Rxh7 77. Kc6 Rh4 0-1

[Event "Titled Tuesday intern op 18th Jul Early"]
[Site "Chess.com INT"]
[Date "2023.07.18"]
[Round "1"]
[White "Garv, Gaur"]
[Black "Souza, Gustavo Horokoski"]
[Result "1-0"]
[WhiteElo "2128"]
[BlackElo "1953"]
[PlyCount "49"]
[EventDate "2023.07.18"]
[EventType "swiss (blitz)"]
[EventRounds "11"]
[EventCountry "USA"]
[SourceTitle "EXT 2024"]
[Source "ChessBase"]
[SourceDate "2023.10.10"]
[SourceVersion "1"]
[SourceVersionDate "2023.10.10"]
[SourceQuality "1"]

1. e4 e6 2. d4 d5 3. Bd3 Nf6 4. e5 Nfd7 5. c3 c5 6. Ne2 Nc6 7. 0-0 h6 8. Be3 Qb6 9. b3 cxd4 10. cxd4 Nb4 11. Nbc3 Nxd3 12. Qxd3 a6 13. Rfc1 Be7 14. Na4 Qd8 15. f4 0-0 16. a3 f6 17. b4 fxe5 18. fxe5 b6 19. Nf4 Nb8 20. Qg6 Bg5 21. Nh5 Bxe3+ 22. Kh1 Qe7 23. Nf6+ Rxf6 24. exf6 Qf8 25. Rxc8 1-0

[Event "Titled Tuesday intern op 18th Jul Early"]
[Site "Chess.com INT"]
[Date "2023.07.18"]
[Round "8"]
[White "Nouri, Alekhine"]
[Black "Garv, Gaur"]
[Result "1-0"]
[WhiteElo "2231"]
[BlackElo "2128"]
[PlyCount "45"]
[EventDate "2023.07.18"]
[EventType "swiss (blitz)"]
[EventRounds "11"]
[EventCountry "USA"]
[SourceTitle "EXT 2024"]
[Source "ChessBase"]
[SourceDate "2023.10.10"]
[SourceVersion "1"]
[SourceVersionDate "2023.10.10"]
[SourceQuality "1"]

1. e4 g6 2. d4 c6 3. Nc3 d5 4. e5 Bg7 5. Bg5 Qb6 6. Qd2 Bf5 7. 0-0-0 Nd7 8. f3 Be6 9. Nge2 h6 10. Bh4 g5 11. Bg3 f5 12. exf6 Ngxf6 13. Na4 Qd8 14. h4 b5 15. Nc5 Nxc5 16. dxc5 gxh4 17. Be5 Qd7 18. Nd4 Ne4 19. Qf4 Rf8 20. Qh2 Bxe5 21. Qxe5 Nf2 22. Nxe6 Nxh1 23. Nxf8 1-0

[Event "Brcko 1st"]
[Site "Brcko"]
[Date "2023.07.02"]
[Round "8"]
[White "Garv, Gaur"]
[Black "Pikula, Dejan"]
[Result "1/2-1/2"]
[WhiteElo "2006"]
[BlackElo "2332"]
[PlyCount "61"]
[EventDate "2023.06.28"]
[EventType "tourn"]
[EventRounds "9"]
[EventCountry "BIH"]
[SourceTitle "EXT 2024"]
[Source "ChessBase"]
[SourceDate "2023.10.10"]
[SourceVersion "1"]
[SourceVersionDate "2023.10.10"]
[SourceQuality "1"]

1. d4 Nf6 2. c4 e6 3. Nf3 b6 4. g3 Bb7 5. Bg2 Be7 6. 0-0 0-0 7. Nc3 Ne4 8. Qc2 Nxc3 9. Qxc3 Be4 10. Bf4 d6 11. Qe3 Bb7 12. Qd3 f5 13. Qe3 Qc8 14. Rfd1 a5 15. Rac1 Na6 16. Bg5 Bf6 17. Bxf6 Rxf6 18. a3 Qe8 19. Qc3 h6 20. e3 a4 21. Nd2 Bxg2 22. Kxg2 Nb8 23. c5 bxc5 24. dxc5 d5 25. Nf3 Nc6 26. Ne5 Rb8 27. Nxc6 Qxc6 28. Kg1 Rb3 29. Qe5 Kh7 30. Rc2 Kg8 31. Rd4 1/2-1/2

[Event "Brcko 1st"]
[Site "Brcko"]
[Date "2023.07.01"]
[Round "6"]
[White "Garv, Gaur"]
[Black "Muratovic, Alija"]
[Result "1/2-1/2"]
[WhiteElo "2006"]
[BlackElo "2505"]
[PlyCount "116"]
[EventDate "2023.06.28"]
[EventType "tourn"]
[EventRounds "9"]
[EventCountry "BIH"]
[SourceTitle "EXT 2024"]
[Source "ChessBase"]
[SourceDate "2023.10.10"]
[SourceVersion "1"]
[SourceVersionDate "2023.10.10"]
[SourceQuality "1"]

1. e4 e5 2. Nf3 Nc6 3. Bb5 a6 4. Bxc6 dxc6 5. 0-0 Bd6 6. d4 exd4 7. Qxd4 f6 8. Nc3 Ne7 9. Re1 0-0 10. e5 fxe5 11. Qc4+ Kh8 12. Nxe5 Bxe5 13. Rxe5 Ng6 14. Re1 Bf5 15. Ne2 Qf6 16. f3 Rae8 17. Bd2 Qxb2 18. Nd4 Rxe1+ 19. Rxe1 Bd7 20. Nb3 Qf6 21. Bc3 Qf7 22. Qxf7 Rxf7 23. Nc5 Bc8 24. Re8+ Rf8 25. Rxf8+ Nxf8 26. Be5 b6 27. Ne4 Ne6 28. f4 c5 29. c3 Kg8 30. f5 Nf8 31. g4 c6 32. Bc7 b5 33. Nd6 Bd7 34. Bd8 c4 35. Kf2 g6 36. Ke3 c5 37. Bb6 h5 38. h3 hxg4 39. hxg4 gxf5 40. gxf5 b4 41. Bxc5 b3 42. axb3 cxb3 43. Ba3 Nh7 44. c4 Nf6 45. Kd3 a5 46. c5 a4 47. Kd4 Ng4 48. Bc1 Bc6 49. Nc4 Kg7 50. Ne5 Nxe5 51. Kxe5 Kf7 52. Kd6 Bf3 53. Ke5 Ke7 54. f6+ Kd7 55. Bb2 Bh5 56. Bc1 Bf7 57. Bb2 Bg6 58. Bc1 Bf7 1/2-1/2

[Event "Titled Tuesday intern op 20th Jun Early"]
[Site "Chess.com INT"]
[Date "2023.06.20"]
[Round "2"]
[White "Garv, Gaur"]
[Black "Simonian, Hrair"]
[Result "1-0"]
[WhiteElo "2006"]
[BlackElo "2431"]
[PlyCount "97"]
[EventDate "2023.06.20"]
[EventType "swiss (blitz)"]
[EventRounds "11"]
[EventCountry "USA"]
[SourceTitle "EXT 2024"]
[Source "ChessBase"]
[SourceDate "2023.10.10"]
[SourceVersion "1"]
[SourceVersionDate "2023.10.10"]
[SourceQuality "1"]

1. e4 c5 2. Nc3 e6 3. Nge2 a6 4. a4 b6 5. g3 Bb7 6. Bg2 Nf6 7. d4 cxd4 8. Nxd4 Qc7 9. 0-0 Nc6 10. Bf4 e5 11. Nxc6 dxc6 12. Be3 Rd8 13. Qe2 a5 14. Rfd1 Rxd1+ 15. Rxd1 Bb4 16. Bg5 Qe7 17. Bh3 h6 18. Rd7 hxg5 19. Rxe7+ Kxe7 20. Bg2 Rd8 21. Nd1 Rd2 22. Qf1 Rxc2 23. Ne3 Rxb2 24. Nf5+ Kf8 25. Qc1 Rd2 26. Qc4 Bc5 27. Ne3 Rd4 28. Qb3 Ba6 29. Nf5 Rd2 30. Ne3 Rd3 31. Qb2 Bd4 32. Qc2 Rc3 33. Qd2 Ra3 34. h4 Ra1+ 35. Kh2 Bxe3 36. fxe3 g4 37. Qd8+ Ne8 38. Qa8 Be2 39. Qxc6 Ra2 40. Kg1 Bf3 41. Bxf3 gxf3 42. Qxb6 Rg2+ 43. Kf1 Rxg3 44. Qc5+ Kg8 45. Qxe5 Rg2 46. Qxe8+ Kh7 47. Qxf7 Rb2 48. Qh5+ Kg8 49. Qxf3 1-0

[Event "Titled Tuesday intern op 20th Jun Early"]
[Site "Chess.com INT"]
[Date "2023.06.20"]
[Round "1"]
[White "Hartikainen, Jarmo"]
[Black "Garv, Gaur"]
[Result "0-1"]
[WhiteElo "2108"]
[BlackElo "2006"]
[PlyCount "84"]
[EventDate "2023.06.20"]
[EventType "swiss (blitz)"]
[EventRounds "11"]
[EventCountry "USA"]
[SourceTitle "EXT 2024"]
[Source "ChessBase"]
[SourceDate "2023.10.10"]
[SourceVersion "1"]
[SourceVersionDate "2023.10.10"]
[SourceQuality "1"]

1. e4 c6 2. d4 g6 3. Nc3 d5 4. Be3 Bg7 5. Be2 Bf8 6. Qd2 Bg7 7. g4 dxe4 8. Nxe4 Nf6 9. Nxf6+ exf6 10. h4 h6 11. 0-0-0 Be6 12. Kb1 Nd7 13. h5 g5 14. f4 Nb6 15. f5 Bd5 16. Nf3 0-0 17. Rhe1 Re8 18. Ng1 Qd7 19. Bd3 Bf8 20. Bf2 Nc4 21. Bxc4 Bxc4 22. Rxe8 Rxe8 23. Re1 Rxe1+ 24. Qxe1 Qd5 25. b3 Ba6 26. Kb2 Qg2 27. Qd2 Qxg4 28. c4 Qxf5 29. Be3 Qe6 30. Ne2 f5 31. Ng3 f4 32. Bxf4 gxf4 33. Ne2 Bg7 34. Qd3 f3 35. Qxf3 c5 36. Qd3 cxd4 37. Nxd4 Qd6 38. Kc3 b5 39. a3 bxc4 40. bxc4 Qxa3+ 41. Kd2 Qb4+ 42. Ke3 Bxc4 0-1

[Event "Titled Tuesday intern op 20th Jun Early"]
[Site "Chess.com INT"]
[Date "2023.06.20"]
[Round "3"]
[White "Mikhailovsky, Vladimir"]
[Black "Garv, Gaur"]
[Result "1-0"]
[WhiteElo "2215"]
[BlackElo "2006"]
[PlyCount "63"]
[EventDate "2023.06.20"]
[EventType "swiss (blitz)"]
[EventRounds "11"]
[EventCountry "USA"]
[SourceTitle "EXT 2024"]
[Source "ChessBase"]
[SourceDate "2023.10.10"]
[SourceVersion "1"]
[SourceVersionDate "2023.10.10"]
[SourceQuality "1"]

1. e4 g6 2. d4 c6 3. Nf3 d5 4. e5 Bg7 5. Bd3 Bg4 6. Nbd2 c5 7. c3 Nc6 8. h3 Bxf3 9. Nxf3 e6 10. 0-0 Nge7 11. Bf4 Nf5 12. Bxf5 gxf5 13. dxc5 Qc7 14. Re1 Rg8 15. b4 0-0-0 16. Nd4 Bxe5 17. Rxe5 Nxe5 18. Qe2 f6 19. Nxe6 Qe7 20. Nxd8 Rxd8 21. Rd1 Qg7 22. f3 Kb8 23. Re1 Re8 24. Qb5 Re7 25. c6 a6 26. Qxd5 bxc6 27. Qxc6 Rc7 28. Qb6+ Rb7 29. Qd6+ Rc7 30. Rxe5 fxe5 31. Bxe5 Qd7 32. Qxd7 1-0